| Поле | Название | Значение |
| |
Тип записи |
a |
| |
Библиографический уровень |
m |
| 001 |
Контрольный номер |
RuMoRGB-006501451 |
| 005 |
Дата корректировки |
20241022124042.4 |
| 010 |
Индекс ISBN |
__ |
| a |
ISBN |
978-5-271-42666-7 |
| d |
Цена |
90-00 |
| 021 |
№ государственной регистрации |
__ |
| b |
№ документа |
12-97065 |
| 100 |
Данные общей обработки |
__ |
| a |
Данные общей обработки |
19120618d2012 |||y0rusy0189 ca |
| 101 |
Язык документа |
__ |
| a |
Язык текста |
rus |
| c |
Язык оригинала |
eng |
| 102 |
Страна публикации |
__ |
| a |
Страна публикации |
ru |
| 102 |
Страна публикации |
__ |
| a |
Страна публикации |
ru |
| 105 |
Кодированные данные (монография) |
__ |
| a |
Кодированные данные (монография) |
y zzzz000zy |
| 200 |
Заглавие и сведения об ответственности |
__ |
| a |
Заглавие |
Человек для себя |
| f |
Первые сведения об ответственности |
Эрих Фромм ; [пер. с англ. А. В. Александровой] |
| 210 |
Выходные данные |
__ |
| a |
Место издания |
Москва |
| c |
Издательство |
Астрель |
| d |
Дата издания |
[2012] |
| 215 |
Физическое описание |
__ |
| a |
Объем |
348 с. |
| 225 |
Серия (Журнальная рубрика) |
__ |
| a |
Серия (Журнальная рубрика) |
Серия "Философия. Психология" |
| 330 |
Аннотация |
__ |
| a |
Аннотация |
В книге обсуждаются проблемы этики, норм и ценностей, относящиеся к реализации человеком своего истинного Я и своего потенциала. |
| 606 |
Тематические рубрики |
__ |
| a |
Основная рубрика |
Философия |
| 606 |
Тематические рубрики |
__ |
| a |
Основная рубрика |
Всемирная история философии |
| 610 |
Ключевые слова |
__ |
| a |
Ключевые слова |
этика |
| 610 |
Ключевые слова |
__ |
| a |
Ключевые слова |
личность (психол.) |
| 610 |
Ключевые слова |
__ |
| a |
Ключевые слова |
темперамент (психол.) |
| 610 |
Ключевые слова |
__ |
| a |
Ключевые слова |
характер (психол.) |
| 610 |
Ключевые слова |
__ |
| a |
Ключевые слова |
эгоизм (психол.) |
| 610 |
Ключевые слова |
__ |
| a |
Ключевые слова |
совесть (психол.) |
| 686 |
Индексы других классификаций |
__ |
| a |
Индекс ББК |
87.3(4Гем) |
| 700 |
Автор |
_1 |
| a |
Фамилия |
Фромм |
| b |
Имя |
Э. |
| f |
Даты |
1900-1980 |
| g |
Полное личное имя |
Эрих |
| 801 |
Источник записи |
_0 |
| a |
Страна |
ru |
| b |
Организация |
RuMoRKP |
| c |
Дата составления |
20120618 |
| 801 |
Источник записи |
_1 |
| a |
Страна |
ru |
| b |
Организация |
RuMoRKP |
| c |
Дата составления |
20120618 |
| 801 |
Источник записи |
_2 |
| a |
Страна |
ru |
| b |
Организация |
РГБ |
| c |
Дата составления |
20120618 |
| 801 |
Источник записи |
_2 |
| a |
Страна |
ru |
| b |
Организация |
Центральная районная библиотека им. Г. А. Пирожникова |
| c |
Дата составления |
20120618 |
| 852 |
Данные о местонахождении |
__ |
| j |
Шифр хранения |
87.3(4Гем) |
| i |
Авторский знак |
Ф 91 |
| b |
Сигла хранения |
ООЧ |
| 901 |
Тип документа |
__ |
| t |
Тип документа |
m |
| 902 |
Роль лиц |
__ |
| a |
Создатель БЗ |
ОКиО/Ковалева Е. |
| 990 |
Данные о заказе (DOS) |
__ |
| j |
Количество экземпляров (DOS) |
1 |
| h |
N записи в КСУ для Б/У (DOS) |
2014-5 |